| 000 | 00941nam a2200313 i 4500 | ||
|---|---|---|---|
| 001 | 200460622 | ||
| 003 | TR-AnTOB | ||
| 005 | 20240917155154.0 | ||
| 007 | ta | ||
| 008 | 240603s2005 tu 000 0 fre d | ||
| 035 | _a(TR-AnTOB)200460622 | ||
| 040 |
_aTR-AnTOB _beng _erda _cTR-AnTOB |
||
| 041 |
_afre _atur |
||
| 050 |
_aPC2271 _b.F73 2005 |
||
| 090 |
_aPC2271 _b.F73 2005 |
||
| 245 | 0 | 0 |
_aFransızca fiil çekimleri : _bonikibin fiil sözlüğü. |
| 246 | 3 | 4 | _aFransızca fiil çekimleri, 12000 fiil sözlüğü |
| 250 | _aYeni baskı. | ||
| 264 | 1 |
_aİstanbul : _bEFY Kitabevi, _c2005. |
|
| 300 |
_a223 pages ; _c22 cm |
||
| 336 |
_atext _btxt _2rdacontent |
||
| 337 |
_aunmediated _bn _2rdamedia |
||
| 338 |
_avolume _bnc _2rdacarrier |
||
| 490 | 0 |
_aLe Bescherelle ; _v1 |
|
| 650 | 7 |
_aFransız dili _xFiil _2etuturkob _9145563 |
|
| 650 | 7 |
_aFransız dili _xDil bilgisi _2 _971253 |
|
| 942 |
_2lcc _cBK |
||
| 999 |
_c200460622 _d78834 |
||